000
00279nam a2200121Ia 4500
008
170620s9999 xx 000 0 und d
100
_a
LEESON / PAPAR O
245
0
_a
TEXT / ATLAS OF HISTOLOGY
260
_b
SUNDERS
260
_c
2006
300
_a
775
546
_a
English
690
_a
ATLAS OF HISTOLOGY
999
_c
30738
_d
30738